Daily Capital City Riddle #119 - Statistics

General Stats
  • This quiz has been taken 29 times
  • The average score is 26 of 33
Answer Stats
Type Answer % Correct
Found Letter A
100%
Alphabet Letter D
100%
Alphabet Letter I
100%
Alphabet Letter N
100%
Correctly Placed Letter A
96%
Alphabet Letter L
96%
Found Letter R
96%
Alphabet Letter E
92%
Alphabet Letter G
92%
Alphabet Letter T
92%
Found Letter O
88%
Alphabet Letter H
85%
Alphabet Letter S
85%
Alphabet Letter B
81%
Alphabet Letter C
81%
Alphabet Letter K
81%
Found Letter M
81%
Found Letter U
81%
Found Letter J
77%
Alphabet Letter P
77%
Alphabet Letter W
77%
Correctly Placed Letter M
73%
Alphabet Letter Y
69%
Correctly Placed Letter O
65%
Correctly Placed Letter R
65%
Alphabet Letter V
65%
Alphabet Letter F
54%
Correctly Placed Letter U
54%
Alphabet Letter X
54%
Alphabet Letter Q
50%
Alphabet Letter Z
50%
Correctly Placed Letter J
46%
Mystery Capital Majuro
46%
No matching quizzes found
Score Distribution
Percent of People with Each Score
Percentile by Number Answered
Your Score History
You have not taken this quiz